000 01100nam a22003497a 4500
001 BR0202862
003 BR-BrBNA
005 20230928101104.0
007 ta
008 230509b bl.||||| |||| 00| 0 por d
040 _aBR-BrBNA
_bpor
_cBiblioteca Nacional de Agricultura
041 _a(Por)
072 _aP35; P33
_b3840
090 _ 3840 BR0202862
100 1 _aGama, M.A.P.
110 1 _aEscola Superior de Agricultura Luiz de Queiroz, Piracicaba, SP (Brasil)
_0Tese (Doutor em Agronomia)
245 1 _aDinâmica do fósforo em solo submetido a sistemas de preparo alternativos ao de corte e queima no nordeste paraense
260 3 _aPiracicaba, SP (Brasil):
_c2002.
300 _a96 p.
500 _aSummaries (Eng, Por); Bibliography p. 79-96; 31 tables; 13 illus.
650 _aMANEJO DO SOLO
650 _aFÓSFORO
650 _aQUEIMADA
650 _aFERTILIDADE DO SOLO
650 _aADSORÇÃO
650 _aANÁLISE QUÍMICA
650 _aDETERIORAÇÃO DO SOLO
650 _aMÉTODO
650 _aPARÁ
909 _a202309
_bLucia
_c55
_dLucia Elande
942 _cBK
999 _c64202
_d64202